Teaching and researching listening

Saved in:
Bibliografiske detaljer
Hovedforfatter: Rost, Michael (Author)
Format: Bog
Sprog:engelsk
Udgivet: Essex Pearson Education 2002
Serier:Applied Linguistics in Action
Fag:
Tags: Tilføj Tag
Ingen Tags, Vær først til at tagge denne postø!

MARC

LEADER 00000nam a2200000 a 4500
001 UCK2276
003 CL-VaPUC
008 041229e20020000uk |||||||||||||||||eng|d
020 |a 0582369304 
082 0 4 |a 428  |b ROS  |2 21 
100 0 |a Rost, Michael  |e author  |9 490091 
245 1 0 |a Teaching and researching listening 
300 |a 309 p 
942 |c BK 
945 |d 20041229 00:00:00  |a cmena 
260 |a Essex  |b Pearson Education  |c 2002 
650 0 |a Lengua inglesa  |9 318842 
650 0 |a Educación lingüística  |9 306506 
650 0 |a Métodos de enseñanza  |9 270413 
583 |a last modification  |c 20171204 01:30:56  |k Rodrigo Vera 
490 0 |a Applied Linguistics in Action 
999 |c 311864  |d 311862 
952 |0 0  |1 0  |4 0  |6 428_000000000000000_ROS_2002  |7 0  |8 A  |9 381552  |a FDOPOS  |b FDOPOS  |d 2019-11-21  |i 4090608  |o 428 ROS 2002  |p 4090608  |r 2025-01-22  |w 2019-11-21  |y BK  |k MLA 
952 |0 0  |1 0  |4 0  |6 428_000000000000000_ROS_2002  |7 0  |8 A  |9 381553  |a FDOPOS  |b FDOPOS  |d 2019-11-21  |i 4263707  |o 428 ROS 2002  |p 4263707  |r 2025-01-22  |w 2019-11-21  |y BK  |k MLA